[Event "SK Bocholt 1 - SF Beelen 1"]
[Site "Regionalliga 2017/2018"]
[Date "2017.11.11"]
[Round "3.1"]
[White "Henke, Wolfgang"]
[Black "Fuest, Martin"]
[Result "1/2-1/2"]
[WhiteElo "1792"]
[BlackElo "2140"]
[PlyCount "26"]
[EventDate "2017.??.??"]
[SourceTitle "Verband Muensterland"]
[SourceDate "2017.09.15"]
[SourceVersion "1"]
[SourceVersionDate "2017.09.15"]
[SourceQuality "1"]

1. e4 c6 2. d4 d5 3. Nc3 dxe4 4. Nxe4 Nd7 5. Bc4 e6 6. Nf3 Ngf6 7. Nxf6+ Nxf6
8. O-O Be7 9. Qe2 O-O 10. Re1 a5 11. a4 Nd5 12. Bb3 Bf6 13. Ne5 Qb6 1/2-1/2

[Event "SK Bocholt 1 - SF Beelen 1"]
[Site "Regionalliga 2017/2018"]
[Date "2017.11.11"]
[Round "3.2"]
[White "Liesmann, Karsten"]
[Black "Hofene, Dieter"]
[Result "1/2-1/2"]
[WhiteElo "1998"]
[BlackElo "2007"]
[PlyCount "40"]
[EventDate "2017.??.??"]
[SourceTitle "Verband Muensterland"]
[SourceDate "2017.09.15"]
[SourceVersion "1"]
[SourceVersionDate "2017.09.15"]
[SourceQuality "1"]

1. d4 Nf6 2. Nf3 d6 3. Nc3 Nbd7 4. e4 e5 5. Bc4 Be7 6. O-O O-O 7. Re1 c6 8. Bb3
Qc7 9. Bg5 Re8 10. a4 Nf8 11. h3 Be6 12. Bxe6 Nxe6 13. Be3 Bf8 14. Qd2 Rad8 15.
a5 exd4 16. Nxd4 Nc5 17. Bg5 Ncd7 18. Nf5 Re6 19. Nd4 Ree8 20. Nf5 Re6 1/2-1/2

[Event "SK Bocholt 1 - SF Beelen 1"]
[Site "Regionalliga 2017/2018"]
[Date "2017.11.11"]
[Round "3.3"]
[White "Hanewinkel, Winfried"]
[Black "Hunhoff, Sebastian"]
[Result "1/2-1/2"]
[WhiteElo "1910"]
[BlackElo "1951"]
[PlyCount "66"]
[EventDate "2017.??.??"]
[SourceTitle "Verband Muensterland"]
[SourceDate "2017.09.15"]
[SourceVersion "1"]
[SourceVersionDate "2017.09.15"]
[SourceQuality "1"]

1. d4 Nf6 2. c4 e5 3. dxe5 Ng4 4. Nf3 Nc6 5. Bf4 Bb4+ 6. Nbd2 Qe7 7. a3 Ngxe5
8. Nxe5 Nxe5 9. e3 Bxd2+ 10. Qxd2 d6 11. Be2 Bd7 12. O-O O-O 13. Qd4 b6 14. b4
Rfe8 15. Rfc1 Rad8 16. Qc3 Bf5 17. Rd1 Qf6 18. Rac1 Be4 19. Bg3 Nd7 20. Qxf6
Nxf6 21. Bh4 h6 22. Bxf6 gxf6 23. Rd4 f5 24. f3 Bb7 25. Kf2 Re5 26. Rc3 Rde8
27. Bd1 Kg7 28. Bc2 Bc8 29. Ba4 Rg8 30. Bc6 Kf8 31. c5 bxc5 32. bxc5 Ke7 33.
cxd6+ cxd6 1/2-1/2

[Event "SK Bocholt 1 - SF Beelen 1"]
[Site "Regionalliga 2017/2018"]
[Date "2017.11.11"]
[Round "3.5"]
[White "Schemmann, Bernhard"]
[Black "Steiner, Karl"]
[Result "1/2-1/2"]
[WhiteElo "1844"]
[BlackElo "1926"]
[PlyCount "45"]
[EventDate "2017.??.??"]
[SourceTitle "Verband Muensterland"]
[SourceDate "2017.09.15"]
[SourceVersion "1"]
[SourceVersionDate "2017.09.15"]
[SourceQuality "1"]

1. e4 e5 2. Nf3 Nc6 3. Bb5 a6 4. Bxc6 dxc6 5. O-O Bg4 6. h3 Bxf3 7. Qxf3 Qf6 8.
Qxf6 Nxf6 9. d3 Bc5 10. Nd2 O-O 11. Nc4 Nd7 12. Be3 f6 13. Rad1 Bxe3 14. Nxe3
Nc5 15. d4 Nxe4 16. dxe5 fxe5 17. Ng4 Rad8 18. Rxd8 Rxd8 19. Re1 Nf6 20. Nxe5
Rd2 21. Rc1 Ne4 22. Nd3 c5 23. Re1 1/2-1/2

[Event "SK Bocholt 1 - SF Beelen 1"]
[Site "Regionalliga 2017/2018"]
[Date "2017.11.11"]
[Round "3.6"]
[White "Gajic, Goran"]
[Black "Hanewinkel, Martin"]
[Result "1/2-1/2"]
[WhiteElo "1946"]
[BlackElo "1833"]
[PlyCount "70"]
[EventDate "2017.??.??"]
[SourceTitle "Verband Muensterland"]
[SourceDate "2017.09.15"]
[SourceVersion "1"]
[SourceVersionDate "2017.09.15"]
[SourceQuality "1"]

1. d4 Nf6 2. Nf3 e6 3. g3 d5 4. Bg2 b6 5. O-O Bb7 6. Ne5 Bd6 7. f4 Nbd7 8. e3
O-O 9. Nd2 Ne4 10. Nxe4 dxe4 11. Nc4 f5 12. Nxd6 cxd6 13. c4 d5 14. b3 Rc8 15.
Ba3 Rf7 16. cxd5 exd5 17. Rc1 Nf6 18. h3 Rfc7 19. Qd2 Ba6 20. Rxc7 Rxc7 21. Rc1
Rxc1+ 22. Qxc1 Qc8 23. Qxc8+ Bxc8 24. Bf1 a6 25. Kf2 Kf7 26. Be2 Ke8 27. Ke1 g6
28. Bd6 Kd7 29. Be5 Ne8 30. g4 Nd6 31. Kf2 b5 32. Kg3 Nf7 33. gxf5 gxf5 34. Bg7
Ke7 35. Kf2 Nd8 1/2-1/2

[Event "SK Bocholt 1 - SF Beelen 1"]
[Site "Regionalliga 2017/2018"]
[Date "2017.11.11"]
[Round "3.7"]
[White "Fartmann, Franz-Josef"]
[Black "Böing, Frank"]
[Result "1/2-1/2"]
[WhiteElo "1805"]
[BlackElo "1821"]
[PlyCount "26"]
[EventDate "2017.??.??"]
[SourceTitle "Verband Muensterland"]
[SourceDate "2017.09.15"]
[SourceVersion "1"]
[SourceVersionDate "2017.09.15"]
[SourceQuality "1"]

1. Nf3 d5 2. g3 Nf6 3. Bg2 Bg4 4. d3 Nbd7 5. c4 c6 6. O-O e6 7. Nbd2 Be7 8. Qc2
O-O 9. Re1 Qb6 10. e3 Rac8 11. a3 a5 12. Rb1 Rfd8 13. b4 axb4 1/2-1/2

[Event "SK Bocholt 1 - SF Beelen 1"]
[Site "Regionalliga 2017/2018"]
[Date "2017.11.11"]
[Round "3.8"]
[White "Wüstnienhaus, Andreas"]
[Black "Bleier, Thomas"]
[Result "1/2-1/2"]
[WhiteElo "1849"]
[BlackElo "1645"]
[PlyCount "36"]
[EventDate "2017.??.??"]
[SourceTitle "Verband Muensterland"]
[SourceDate "2017.09.15"]
[SourceVersion "1"]
[SourceVersionDate "2017.09.15"]
[SourceQuality "1"]

1. d4 Nf6 2. c4 e6 3. Nc3 d5 4. Bg5 Nbd7 5. e3 Be7 6. Rc1 h6 7. Bh4 b6 8. Nf3
Bb7 9. cxd5 exd5 10. Bd3 O-O 11. O-O Re8 12. Qa4 a6 13. Bf5 g6 14. Bb1 Ne4 15.
Bxe7 Rxe7 16. Qb3 Ndf6 17. Rfd1 Qd6 18. Nxe4 Nxe4 1/2-1/2

[Event "SK Münster 2 - Schach Nienberge 1"]
[Site "Regionalliga 2017/2018"]
[Date "2017.11.11"]
[Round "3.1"]
[White "Ringwelski, Marius"]
[Black "Wieder, Heiner"]
[Result "1-0"]
[WhiteElo "1937"]
[BlackElo "2089"]
[PlyCount "67"]
[EventDate "2017.??.??"]
[SourceTitle "Verband Muensterland"]
[SourceDate "2017.09.15"]
[SourceVersion "1"]
[SourceVersionDate "2017.09.15"]
[SourceQuality "1"]

1. d4 f5 2. g3 Nf6 3. Bg2 g6 4. Nf3 Bg7 5. O-O O-O 6. c4 d6 7. Nc3 Nc6 8. d5
Na5 9. b3 c5 10. Rb1 a6 11. Qc2 Rb8 12. a4 Bd7 13. Bd2 b5 14. axb5 axb5 15.
cxb5 h6 16. b4 Nc4 17. Bc1 Rc8 18. bxc5 Rxc5 19. Nd4 Ne4 20. Nxe4 fxe4 21. Qxe4
Bf5 22. Nxf5 gxf5 23. Qe6+ Kh7 24. Bh3 Rf6 25. Bxf5+ Kh8 26. Qd7 Qf8 27. Be4
Rf7 28. b6 Nxb6 29. Rxb6 Rxf2 30. Bf4 Rxf1+ 31. Kxf1 Rc1+ 32. Kg2 Bd4 33. Rb1
Rxb1 34. Bxb1 1-0

[Event "SK Münster 2 - Schach Nienberge 1"]
[Site "Regionalliga 2017/2018"]
[Date "2017.11.11"]
[Round "3.2"]
[White "Borrink, Jörn"]
[Black "Gottkehaskamp, Philipp"]
[Result "1-0"]
[WhiteElo "2104"]
[BlackElo "1972"]
[PlyCount "41"]
[EventDate "2017.??.??"]
[SourceTitle "Verband Muensterland"]
[SourceDate "2017.09.15"]
[SourceVersion "1"]
[SourceVersionDate "2017.09.15"]
[SourceQuality "1"]

1. e4 Nf6 2. e5 Nd5 3. d4 d6 4. c4 Nb6 5. exd6 exd6 6. Nf3 Bg4 7. h3 Bh5 8. Na3
Nc6 9. Be2 Be7 10. Be3 Bf6 11. g4 Bg6 12. h4 h6 13. Qd2 Be4 14. O-O-O Qd7 15.
g5 Be7 16. Rhg1 Qf5 17. Ne1 Qa5 18. Qxa5 Nxa5 19. f3 Bf5 20. d5 Na4 21. Bd2 1-0

[Event "SK Münster 2 - Schach Nienberge 1"]
[Site "Regionalliga 2017/2018"]
[Date "2017.11.11"]
[Round "3.3"]
[White "Gottkehaskamp, Stefan"]
[Black "Müschenich, Stefan"]
[Result "1/2-1/2"]
[WhiteElo "1971"]
[BlackElo "2082"]
[PlyCount "31"]
[EventDate "2017.??.??"]
[SourceTitle "Verband Muensterland"]
[SourceDate "2017.09.15"]
[SourceVersion "1"]
[SourceVersionDate "2017.09.15"]
[SourceQuality "1"]

1. d4 Nf6 2. Bf4 e6 3. e3 c5 4. c3 b6 5. Nd2 Be7 6. h3 O-O 7. Ngf3 d5 8. Ne5
Nfd7 9. Bd3 Nxe5 10. Bxe5 Ba6 11. Bxa6 Nxa6 12. O-O f6 13. Bg3 Nb8 14. Qa4 Qd7
15. Qxd7 Nxd7 16. Nf3 1/2-1/2

[Event "SK Münster 2 - Schach Nienberge 1"]
[Site "Regionalliga 2017/2018"]
[Date "2017.11.11"]
[Round "3.4"]
[White "Austrup, David"]
[Black "Althoff, Franz"]
[Result "1/2-1/2"]
[WhiteElo "1964"]
[BlackElo "1974"]
[PlyCount "72"]
[EventDate "2017.??.??"]
[SourceTitle "Verband Muensterland"]
[SourceDate "2017.09.15"]
[SourceVersion "1"]
[SourceVersionDate "2017.09.15"]
[SourceQuality "1"]

1. e4 c5 2. d4 cxd4 3. c3 e5 4. Nf3 Nc6 5. Bc4 Nf6 6. cxd4 Bb4+ 7. Bd2 Bxd2+ 8.
Nbxd2 exd4 9. O-O O-O 10. Re1 d5 11. exd5 Nxd5 12. Nb3 Bg4 13. h3 Bh5 14. g4
Bg6 15. Nbxd4 Nxd4 16. Qxd4 Nb4 17. Qxd8 Raxd8 18. Re7 Nd3 19. Bxd3 Rxd3 20.
Ne5 Rxh3 21. Nxg6 fxg6 22. Rd1 Rhf3 23. Rdd7 R3f7 24. Rxb7 Rxe7 25. Rxe7 Rf4
26. Rxa7 Rxg4+ 27. Kh2 Rf4 28. Kg3 Rf7 29. Ra8+ Rf8 30. Ra7 h5 31. b4 g5 32.
Ra5 h4+ 33. Kh3 Rxf2 34. Rxg5 Rxa2 35. Kxh4 Kf7 36. Rc5 Ke6 1/2-1/2

[Event "SK Münster 2 - Schach Nienberge 1"]
[Site "Regionalliga 2017/2018"]
[Date "2017.11.11"]
[Round "3.5"]
[White "Haas, Kai Markus"]
[Black "Meyer, Ulrich"]
[Result "1/2-1/2"]
[WhiteElo "1927"]
[BlackElo "1963"]
[PlyCount "127"]
[EventDate "2017.??.??"]
[SourceTitle "Verband Muensterland"]
[SourceDate "2017.09.15"]
[SourceVersion "1"]
[SourceVersionDate "2017.09.15"]
[SourceQuality "1"]

1. f4 d5 2. b3 Nf6 3. Bb2 Bf5 4. Nf3 e6 5. e3 Nbd7 6. Nc3 h6 7. Be2 c6 8. O-O
Bd6 9. d3 Qc7 10. Qe1 O-O-O 11. d4 g5 12. Ne5 Rdf8 13. Bd3 Ne4 14. Bxe4 dxe4
15. Nc4 Be7 16. Ne2 Rhg8 17. a4 Nf6 18. Ba3 Nd5 19. Bxe7 Qxe7 20. Qd2 f6 21.
Rab1 Bg4 22. fxg5 hxg5 23. Ng3 Rh8 24. Nxe4 Kb8 25. Nf2 Bh5 26. Nd3 Bg6 27. Rf2
Rh6 28. g3 Rfh8 29. Re1 Qh7 30. Nc5 Nc3 31. a5 Ne4 32. Nxe4 Bxe4 33. Nd6 Bf3
34. Ree2 Bxe2 35. Qxe2 f5 36. a6 b6 37. Nc4 Rh3 38. Rg2 Qh5 39. Qd2 Qf3 40. Ne5
Qe4 41. Nd3 Qd5 42. Ne5 Kc7 43. c4 Qa5 44. Qxa5 bxa5 45. Nd3 R3h6 46. Ra2 g4
47. Kh1 Rb8 48. Ra3 Kd6 49. Kg1 Rh7 50. Nc5 e5 51. Nb7+ Rhxb7 52. axb7 Rxb7 53.
h4 gxh3 54. Kh2 e4 55. Kxh3 a4 56. bxa4 Rb4 57. Kh4 Rxc4 58. Kg5 Ke6 59. g4
fxg4 60. Kxg4 a5 61. Kf4 Kd5 62. Ra1 c5 63. dxc5 Kxc5 64. Ke5 1/2-1/2

[Event "SK Münster 2 - Schach Nienberge 1"]
[Site "Regionalliga 2017/2018"]
[Date "2017.11.11"]
[Round "3.6"]
[White "Kaufhold, Thomas"]
[Black "Keller, Dirk"]
[Result "1/2-1/2"]
[WhiteElo "2000"]
[BlackElo "1899"]
[PlyCount "30"]
[EventDate "2017.??.??"]
[SourceTitle "Verband Muensterland"]
[SourceDate "2017.09.15"]
[SourceVersion "1"]
[SourceVersionDate "2017.09.15"]
[SourceQuality "1"]

1. d4 Nf6 2. c4 e6 3. Nf3 b6 4. g3 Bb7 5. Bg2 Be7 6. Nc3 Ne4 7. Bd2 O-O 8. O-O
f5 9. Rc1 Bf6 10. d5 Na6 11. a3 Nac5 12. b4 Nxc3 13. Bxc3 Ne4 14. Bxf6 Qxf6 15.
Qb3 a5 1/2-1/2

[Event "SK Münster 2 - Schach Nienberge 1"]
[Site "Regionalliga 2017/2018"]
[Date "2017.11.11"]
[Round "3.7"]
[White "Kemper, Georg"]
[Black "Kubo, Thomas"]
[Result "1-0"]
[WhiteElo "1924"]
[BlackElo "1977"]
[PlyCount "119"]
[EventDate "2017.??.??"]
[SourceTitle "Verband Muensterland"]
[SourceDate "2017.09.15"]
[SourceVersion "1"]
[SourceVersionDate "2017.09.15"]
[SourceQuality "1"]

1. d4 e6 2. c4 Bb4+ 3. Bd2 a5 4. g3 d6 5. Bg2 Qe7 6. Qa4+ Bd7 7. Qb3 Nc6 8.
Bxb4 axb4 9. Nf3 Nf6 10. O-O O-O 11. Nbd2 d5 12. c5 b6 13. Rfc1 Ne4 14. cxb6
Nxd2 15. Nxd2 cxb6 16. e3 Na5 17. Qd3 Rfc8 18. e4 Qd6 19. exd5 exd5 20. Nf3 Nc4
21. Ng5 g6 22. b3 Na3 23. Qf3 Be6 24. Rxc8+ Rxc8 25. Re1 Rf8 26. Qf6 Nb5 27.
Nxe6 fxe6 28. Qxe6+ Qxe6 29. Rxe6 Nxd4 30. Rxb6 Rd8 31. Rxb4 Nc2 32. Rb5 d4 33.
Rd5 Re8 34. Rd7 Re1+ 35. Bf1 Ra1 36. a4 Ne1 37. f4 Nf3+ 38. Kf2 Nxh2 39. Bc4+
Kf8 40. Rxd4 Ra2+ 41. Ke3 Ng4+ 42. Ke4 Nf6+ 43. Ke5 Ke7 44. Rd3 Rh2 45. b4 Rb2
46. Rb3 Nd7+ 47. Kd4 Rd2+ 48. Ke3 Rg2 49. Kf3 Rc2 50. Bd3 Ra2 51. a5 Kd6 52.
Bb5 Nf8 53. a6 Kc7 54. Re3 Kb6 55. Bd3 Rd2 56. Be2 Rd6 57. Re7 h5 58. Rb7+ Kc6
59. Bb5+ Kd5 60. a7 1-0

[Event "SK Münster 2 - Schach Nienberge 1"]
[Site "Regionalliga 2017/2018"]
[Date "2017.11.11"]
[Round "3.8"]
[White "Emunds, Hans Georg"]
[Black "Schäfer, Günter"]
[Result "1/2-1/2"]
[WhiteElo "2100"]
[BlackElo "1855"]
[PlyCount "32"]
[EventDate "2017.??.??"]
[SourceTitle "Verband Muensterland"]
[SourceDate "2017.09.15"]
[SourceVersion "1"]
[SourceVersionDate "2017.09.15"]
[SourceQuality "1"]

1. e4 g6 2. d4 Bg7 3. Nc3 d6 4. f4 Nf6 5. Nf3 O-O 6. Be3 Ng4 7. Bg1 c5 8. Qd2
cxd4 9. Nxd4 e5 10. Ndb5 exf4 11. O-O-O Nc6 12. Kb1 Be6 13. Nd5 Bxd5 14. exd5
Qf6 15. c3 Nce5 16. h3 Ne3 1/2-1/2

[Event "SG Ahaus-Wessum 1 - SC Klein-Berlin Rhe"]
[Site "Regionalliga 2017/2018"]
[Date "2017.11.11"]
[Round "3.1"]
[White "Brümmer, Frank"]
[Black "Schulze Ameling, Hendrik"]
[Result "1-0"]
[WhiteElo "2160"]
[BlackElo "2004"]
[PlyCount "63"]
[EventDate "2017.??.??"]
[SourceTitle "Verband Muensterland"]
[SourceDate "2017.09.15"]
[SourceVersion "1"]
[SourceVersionDate "2017.09.15"]
[SourceQuality "1"]

1. d4 f5 2. g3 Nf6 3. Bg2 g6 4. c4 Bg7 5. Nh3 O-O 6. O-O d6 7. d5 a5 8. Nc3 Na6
9. Nf4 Nc5 10. Be3 g5 11. Nd3 Nce4 12. Nxe4 fxe4 13. Ne1 h6 14. Bd4 Bf5 15. Nc2
c5 16. Bc3 Qd7 17. Ne3 Bh3 18. Qc2 Bxg2 19. Kxg2 a4 20. Bxf6 Bxf6 21. Rab1 Bg7
22. Qxe4 Rf7 23. f3 b5 24. cxb5 Qxb5 25. Nf5 Qb7 26. g4 Qa7 27. h4 Rb8 28. hxg5
hxg5 29. Rh1 Rb4 30. Qe6 Qb7 31. Rh8+ Kxh8 32. Qxf7 1-0

[Event "SG Ahaus-Wessum 1 - SC Klein-Berlin Rhe"]
[Site "Regionalliga 2017/2018"]
[Date "2017.11.11"]
[Round "3.2"]
[White "Rosing, Hermann"]
[Black "Ottens, Stephan"]
[Result "1/2-1/2"]
[WhiteElo "1969"]
[BlackElo "2116"]
[PlyCount "49"]
[EventDate "2017.??.??"]
[SourceTitle "Verband Muensterland"]
[SourceDate "2017.09.15"]
[SourceVersion "1"]
[SourceVersionDate "2017.09.15"]
[SourceQuality "1"]

1. e4 c5 2. Nf3 d6 3. d4 cxd4 4. Nxd4 Nf6 5. Nc3 a6 6. f3 e5 7. Nb3 Be6 8. Be3
Nc6 9. Qd2 d5 10. exd5 Nxd5 11. Nxd5 Qxd5 12. O-O-O O-O-O 13. Qxd5 Bxd5 14. Bb6
Rd6 15. Bc5 Rd7 16. Bb6 g6 17. Be2 Nb4 18. a3 Bxb3 19. axb4 Be6 20. b5 axb5 21.
Bxb5 Rd6 22. Rxd6 Bxd6 23. Re1 f6 24. c4 Bc7 25. Bc5 1/2-1/2

[Event "SG Ahaus-Wessum 1 - SC Klein-Berlin Rhe"]
[Site "Regionalliga 2017/2018"]
[Date "2017.11.11"]
[Round "3.3"]
[White "Langhanke, Günther"]
[Black "Diehlmann, Christian"]
[Result "0-1"]
[WhiteElo "1960"]
[BlackElo "1909"]
[PlyCount "78"]
[EventDate "2017.??.??"]
[SourceTitle "Verband Muensterland"]
[SourceDate "2017.09.15"]
[SourceVersion "1"]
[SourceVersionDate "2017.09.15"]
[SourceQuality "1"]

1. e4 c6 2. d4 d5 3. exd5 cxd5 4. Bd3 Nc6 5. c3 Nf6 6. Bf4 Qb6 7. Qb3 Qxb3 8.
axb3 Nh5 9. Be3 e6 10. Nd2 Bd6 11. Ne2 O-O 12. Nf3 Bd7 13. O-O h6 14. b4 b6 15.
Ra2 Rfc8 16. Rfa1 Rc7 17. g3 Be8 18. Ra6 Rb7 19. Kg2 Bd7 20. Nc1 Be8 21. Be2
Nf6 22. R6a2 Bxb4 23. Ba6 Re7 24. Nd3 Bd6 25. Bf4 Bxf4 26. Nxf4 Ne4 27. Bd3 Nd6
28. Re1 Kf8 29. Ne5 Nxe5 30. Rxe5 Bb5 31. Bxb5 Nxb5 32. c4 Nxd4 33. cxd5 g5 34.
Ra4 gxf4 35. Rxd4 fxg3 36. hxg3 exd5 37. Rexd5 Rc8 38. b4 Rec7 39. Rh4 Rc6 0-1

[Event "SG Ahaus-Wessum 1 - SC Klein-Berlin Rhe"]
[Site "Regionalliga 2017/2018"]
[Date "2017.11.11"]
[Round "3.4"]
[White "Bauland, Thomas"]
[Black "Brümmer, Andreas"]
[Result "0-1"]
[WhiteElo "1870"]
[BlackElo "1935"]
[PlyCount "74"]
[EventDate "2017.??.??"]
[SourceTitle "Verband Muensterland"]
[SourceDate "2017.09.15"]
[SourceVersion "1"]
[SourceVersionDate "2017.09.15"]
[SourceQuality "1"]

1. Nc3 c5 2. Nf3 Nc6 3. e3 e6 4. d4 d5 5. Be2 Nf6 6. O-O Qc7 7. b3 cxd4 8. Nb5
Qb8 9. Nbxd4 e5 10. Nxc6 bxc6 11. c4 Bd6 12. h3 O-O 13. Bb2 h6 14. Rc1 a5 15.
Qc2 Bd7 16. Nh4 a4 17. c5 Bc7 18. bxa4 Re8 19. g4 Qb4 20. Bd1 Rab8 21. Qb3 Qa5
22. Qc3 Ne4 23. Qxa5 Bxa5 24. Rc2 Nd2 25. Nf3 Nxf1 26. Kxf1 f6 27. Nd2 h5 28.
e4 hxg4 29. hxg4 Be6 30. g5 Red8 31. Bf3 Bxd2 32. Rxd2 dxe4 33. Rxd8+ Rxd8 34.
Bxe4 Bd5 35. Bxd5+ Rxd5 36. gxf6 gxf6 37. Ba3 Rd4 0-1

[Event "SG Ahaus-Wessum 1 - SC Klein-Berlin Rhe"]
[Site "Regionalliga 2017/2018"]
[Date "2017.11.11"]
[Round "3.5"]
[White "Kornick, Ulrich"]
[Black "Woltering, Martin"]
[Result "1/2-1/2"]
[WhiteElo "1919"]
[BlackElo "1776"]
[PlyCount "101"]
[EventDate "2017.??.??"]
[SourceTitle "Verband Muensterland"]
[SourceDate "2017.09.15"]
[SourceVersion "1"]
[SourceVersionDate "2017.09.15"]
[SourceQuality "1"]

1. d4 e6 2. e4 d5 3. Nd2 Nf6 4. e5 Nfd7 5. Bd3 c5 6. c3 Nc6 7. Ne2 cxd4 8. cxd4
Qb6 9. Nf3 f6 10. exf6 Nxf6 11. O-O Bd6 12. Bf4 Bxf4 13. Nxf4 O-O 14. Qd2 Bd7
15. Rfe1 Rae8 16. Rad1 Qc7 17. h3 e5 18. dxe5 Nxe5 19. Nxe5 Rxe5 20. Rxe5 Qxe5
21. Bc2 Bc6 22. Qd4 Re8 23. Qxe5 Rxe5 24. h4 Kf8 25. f3 Ke7 26. Kf2 Kd6 27. g4
g6 28. g5 Ne8 29. Rd3 Ng7 30. Re3 Ne6 31. Rxe5 Kxe5 32. Nxe6 Kxe6 33. f4 d4 34.
Ke2 Bb5+ 35. Kd2 d3 36. Bb3+ Kf5 37. Bg8 Kxf4 38. Bxh7 Kf5 39. h5 Kxg5 40. Bxg6
Bc4 41. b3 Bb5 42. a4 Bd7 43. Kxd3 a5 44. Bf7 b5 45. axb5 Bxb5+ 46. Kd4 a4 47.
b4 Kh6 48. Kc5 Bd7 49. Bg6 a3 50. Bf7 Be8 51. Be6 1/2-1/2

[Event "SG Ahaus-Wessum 1 - SC Klein-Berlin Rhe"]
[Site "Regionalliga 2017/2018"]
[Date "2017.11.11"]
[Round "3.6"]
[White "Messelink, Gerrit"]
[Black "Averkamp-Peters, Jens"]
[Result "1-0"]
[WhiteElo "1802"]
[BlackElo "1908"]
[PlyCount "75"]
[EventDate "2017.??.??"]
[SourceTitle "Verband Muensterland"]
[SourceDate "2017.09.15"]
[SourceVersion "1"]
[SourceVersionDate "2017.09.15"]
[SourceQuality "1"]

1. e4 d5 2. exd5 Nf6 3. c4 c6 4. dxc6 Nxc6 5. Nf3 e5 6. d3 Bb4+ 7. Bd2 O-O 8.
Be2 Bf5 9. O-O Re8 10. a3 Bd6 11. Nc3 Rc8 12. Bg5 Bb8 13. Qd2 Qd6 14. Nb5 Qe6
15. Rfe1 a6 16. Nc3 Nd4 17. Nxd4 exd4 18. Bxf6 Qxf6 19. Nd5 Qd6 20. g3 h6 21.
Bf3 b5 22. b3 Be6 23. Qb2 Ba7 24. Rac1 a5 25. b4 Qd8 26. Nf4 bxc4 27. Nxe6 Rxe6
28. Rxe6 c3 29. Qb3 fxe6 30. Qxe6+ Kh8 31. b5 Rc7 32. Be4 Qd7 33. Qg6 Kg8 34.
b6 Bxb6 35. Qxb6 Ra7 36. Qb3+ Kf8 37. Re1 Rc7 38. Bh7 1-0

[Event "SG Ahaus-Wessum 1 - SC Klein-Berlin Rhe"]
[Site "Regionalliga 2017/2018"]
[Date "2017.11.11"]
[Round "3.7"]
[White "Hemmert, Michael"]
[Black "ter Horst, Carsten"]
[Result "0-1"]
[WhiteElo "1816"]
[BlackElo "1854"]
[PlyCount "58"]
[EventDate "2017.??.??"]
[SourceTitle "Verband Muensterland"]
[SourceDate "2017.09.15"]
[SourceVersion "1"]
[SourceVersionDate "2017.09.15"]
[SourceQuality "1"]

1. d4 d5 2. Bf4 Nf6 3. e3 c5 4. c3 Nc6 5. Nd2 Bf5 6. Ngf3 Qb6 7. Qb3 c4 8. Qxb6
axb6 9. Be2 b5 10. O-O h6 11. a3 e6 12. Ne5 Be7 13. Rfe1 O-O 14. h3 Rfe8 15. g4
Bh7 16. Bg3 Nxe5 17. Bxe5 Nd7 18. Bg3 Nb6 19. f3 Na4 20. Ra2 Bc2 21. Bd1 Bd3
22. Be2 Bxe2 23. Rxe2 b4 24. cxb4 c3 25. Nb1 cxb2 26. Raxb2 Nxb2 27. Rxb2 Rec8
28. Be1 Rc1 29. Kf1 Bh4 0-1

[Event "SG Ahaus-Wessum 1 - SC Klein-Berlin Rhe"]
[Site "Regionalliga 2017/2018"]
[Date "2017.11.11"]
[Round "3.8"]
[White "Mast, Holger"]
[Black "Ratert, Matthias"]
[Result "0-1"]
[WhiteElo "1733"]
[BlackElo "1868"]
[PlyCount "110"]
[EventDate "2017.??.??"]
[SourceTitle "Verband Muensterland"]
[SourceDate "2017.09.15"]
[SourceVersion "1"]
[SourceVersionDate "2017.09.15"]
[SourceQuality "1"]

1. e4 e5 2. Nf3 Nf6 3. Nxe5 d6 4. Nf3 Nxe4 5. Qe2 Qe7 6. d3 Nf6 7. Bg5 Nbd7 8.
Nc3 h6 9. Bxf6 Nxf6 10. O-O-O Qxe2 11. Bxe2 Bd7 12. Nd4 O-O-O 13. Rhe1 c5 14.
Nb3 Bc6 15. g3 d5 16. Na5 Bd7 17. Bf3 Bg4 18. Be2 h5 19. h4 Bd6 20. Nb5 Bb8 21.
Bxg4+ Nxg4 22. Re7 Rd7 23. Rxd7 Kxd7 24. f4 Ne3 25. Rg1 Nf5 26. Kd1 b6 27. Nb3
Kc6 28. Nc3 Bc7 29. Nd2 b5 30. Nf3 f6 31. Ne2 Bb6 32. c3 Re8 33. Kd2 Re3 34.
Nh2 d4 35. Nf1 Re7 36. Rg2 c4 37. cxd4 Nxd4 38. Nxd4+ Bxd4 39. dxc4 bxc4 40. b3
Rb7 41. Kc2 cxb3+ 42. axb3 Kd5 43. Re2 Rc7+ 44. Kb1 Rc3 45. Ka2 Rc1 46. Ne3+
Kc5 47. Nc2 Bc3 48. Ka3 a5 49. Ka4 f5 50. Rg2 Kd5 51. Re2 Kc5 52. Rg2 Rd1 53.
Na3 Ra1 54. Rc2 Kd4 55. b4 axb4 0-1

[Event "SF Neuenkirchen 1 - SK Münster 3"]
[Site "Regionalliga 2017/2018"]
[Date "2017.11.11"]
[Round "3.1"]
[White "Baumann, Stephan"]
[Black "Wilde, Pierre"]
[Result "1/2-1/2"]
[WhiteElo "2013"]
[BlackElo "2240"]
[PlyCount "32"]
[EventDate "2017.??.??"]
[SourceTitle "Verband Muensterland"]
[SourceDate "2017.09.15"]
[SourceVersion "1"]
[SourceVersionDate "2017.09.15"]
[SourceQuality "1"]

1. e4 c5 2. Nc3 Nc6 3. Bb5 Nd4 4. Bc4 e6 5. Nge2 Nf6 6. O-O a6 7. d3 b5 8. Bb3
Nxb3 9. axb3 Bb7 10. Ng3 d6 11. f4 Be7 12. f5 O-O 13. Nce2 e5 14. c4 b4 15. Kh1
Nd7 16. Ng1 Bg5 1/2-1/2

[Event "SF Neuenkirchen 1 - SK Münster 3"]
[Site "Regionalliga 2017/2018"]
[Date "2017.11.11"]
[Round "3.2"]
[White "Vos, Thomas"]
[Black "Wingenfeld, Klaus"]
[Result "1/2-1/2"]
[WhiteElo "2164"]
[BlackElo "1864"]
[PlyCount "65"]
[EventDate "2017.??.??"]
[SourceTitle "Verband Muensterland"]
[SourceDate "2017.09.15"]
[SourceVersion "1"]
[SourceVersionDate "2017.09.15"]
[SourceQuality "1"]

1. d4 Nf6 2. Nf3 g6 3. Nc3 d5 4. Bf4 Bg7 5. Qd2 c6 6. O-O-O Bf5 7. Ne5 Ne4 8.
Nxe4 dxe4 9. Qc3 f6 10. Nc4 Nd7 11. f3 g5 12. Bg3 Nb6 13. h4 Nd5 14. Qa3 g4 15.
Kb1 Bh6 16. Bf2 Bf4 17. g3 Bd6 18. Qb3 Qc7 19. Nxd6+ Qxd6 20. fxg4 Bxg4 21. c4
Nc7 22. Qxb7 e3 23. Bxe3 Kf7 24. Bf4 e5 25. Bh3 Rhb8 26. c5 Rxb7 27. cxd6 Bxh3
28. Rxh3 Nd5 29. Bd2 exd4 30. g4 Ke6 31. e4 dxe3 32. Re1 Kxd6 33. Bxe3 1/2-1/2